[Event "BL 9192 HSK-FTG Frankfurt"]
[Site "?"]
[Date "1992.??.??"]
[Round "?.5"]
[White "Kohlweyer, B."]
[Black "Michaelsen, N."]
[Result "1-0"]
[WhiteElo "2405"]
[BlackElo "2385"]
[PlyCount "79"]
[EventDate "1992.??.??"]

1. d4 Nf6 2. Nf3 g6 3. c4 Bg7 4. Nc3 d5 5. e3 O-O 6. Qb3 e6 7. Bd2 Nc6 8. Rc1
Ne7 9. Bd3 c6 10. O-O Nf5 11. Qc2 Re8 12. Rfd1 Qe7 13. a3 h5 14. h3 Nh7 15.
Bxf5 gxf5 16. Ne2 Nf6 17. Bb4 Qd8 18. Nf4 Bh6 19. Nd3 Ne4 20. Qe2 a5 21. Be1
Kg7 22. Nfe5 Qg5 23. f4 Qe7 24. Qxh5 Rh8 25. Qe2 f6 26. Nf3 Bd7 27. Qc2 Kh7 28.
Nh4 Rhg8 29. Qb3 a4 30. Qb4 Qf7 31. Nc5 Bf8 32. cxd5 exd5 33. Qb6 Bxc5 34. dxc5
Be6 35. Kh2 Rg7 36. Qb4 Qh5 37. Rd3 Rag8 38. Rc2 d4 39. Qxd4 Bd5 40. Qxa4 {ZÜ}
1-0

[Event "BL 9192 HSK-FTG Frankfurt"]
[Site "?"]
[Date "1992.??.??"]
[Round "?.6"]
[White "Wegner, H."]
[Black "Werner, D."]
[Result "0-1"]
[WhiteElo "2385"]
[BlackElo "2385"]
[PlyCount "102"]
[EventDate "1992.??.??"]

1. d4 Nf6 2. c4 d6 3. Nc3 Nbd7 4. e4 e5 5. Nf3 g6 6. Be2 Bg7 7. O-O O-O 8. Qc2
c6 9. Rd1 Qe7 10. d5 c5 11. g3 Ne8 12. Nh4 Bf6 13. Ng2 Bg5 14. Bd3 Bxc1 15.
Raxc1 Ng7 16. Ne3 Nf6 17. f3 Nfh5 18. Qf2 Bd7 19. Re1 Rae8 20. Kh1 Qd8 21. a3
Kh8 22. Rb1 f5 23. exf5 gxf5 24. f4 Qf6 25. Ng2 b6 26. Re2 Qh6 27. Rbe1 Nf6 28.
fxe5 Ng4 29. Qg1 Nxe5 30. Re3 Nh5 31. Be2 f4 32. Nxf4 Nxf4 33. gxf4 Rxf4 34.
Rf1 Nxc4 35. Rxe8+ Bxe8 36. Rxf4 Qxf4 37. Bxc4 Qxc4 38. Qf2 Kg7 39. Qg3+ Bg6
40. Kg2 Qb3 41. Qxd6 Qxb2+ 42. Kg1 Qxc3 43. Qe7+ Bf7 44. Qg5+ Kf8 45. Qd8+ Be8
46. Qd6+ Kg8 47. Qe6+ Bf7 48. Qc8+ Kg7 49. Qg4+ Bg6 50. Qd7+ Kh6 51. d6 Qe1+
0-1

[Event "BL 9192 HSK-FTG Frankfurt"]
[Site "?"]
[Date "1992.??.??"]
[Round "?.7"]
[White "Degenhardt, H."]
[Black "Reefschlaeger, H."]
[Result "1/2-1/2"]
[WhiteElo "2305"]
[BlackElo "2400"]
[PlyCount "57"]
[EventDate "1992.??.??"]

1. Nf3 Nf6 2. d4 d5 3. e3 c6 4. Bd3 Bg4 5. c4 e6 6. Qb3 Qb6 7. Ne5 Nbd7 8. Nxg4
Nxg4 9. Nd2 Be7 10. Qc2 e5 11. Bf5 Ngf6 12. cxd5 cxd5 13. dxe5 Nxe5 14. Qa4+
Nc6 15. O-O O-O 16. Nf3 Rad8 17. Nd4 Rfe8 18. Nxc6 bxc6 19. Bd2 Qxb2 20. Ba5
Rb8 21. Qxc6 Qe5 22. Bh3 Bd6 23. g3 Ne4 24. Rad1 d4 25. Rxd4 Qxa5 26. Rxe4 Rxe4
27. Qxe4 Qxa2 28. Rd1 Bf8 29. Bf1 1/2-1/2

[Event "BL 9192 HSK-FTG Frankfurt"]
[Site "?"]
[Date "1992.??.??"]
[Round "?.8"]
[White "Heinemann, T."]
[Black "Staller, P."]
[Result "1-0"]
[WhiteElo "2395"]
[BlackElo "2360"]
[PlyCount "167"]
[EventDate "1992.??.??"]

1. e4 e6 2. d4 d5 3. Nd2 Nf6 4. Bd3 c5 5. e5 Nfd7 6. c3 Nc6 7. Ne2 cxd4 8. cxd4
f6 9. exf6 Nxf6 10. O-O Bd6 11. Nf3 Qc7 12. g3 O-O 13. Nf4 Bd7 14. Be3 Rae8 15.
Rc1 Qd8 16. Bb1 e5 17. dxe5 Nxe5 18. Nxe5 Rxe5 19. Qd3 a6 20. Qb3 Bc6 21. Rfe1
Rfe8 22. Bd3 Kh8 23. Ng2 Qd7 24. Bd4 Rxe1+ 25. Rxe1 Rxe1+ 26. Nxe1 Qe7 27. Qd1
Kg8 28. Qe2 Qxe2 29. Bxe2 Ne4 30. f3 Nc5 31. Nd3 Bb5 32. Nc1 Ne6 33. Bb6 Bc6
34. Kf2 Nc5 35. Nd3 Nd7 36. Bd4 Kf7 37. Ke3 g6 38. Bf1 Bb5 39. Bh3 Ke7 40. Nf4
Bc6 41. Nd3 Bb5 42. b3 a5 43. Nf4 Bc6 44. Bf1 Ba3 45. Kd2 Bd6 46. Nh3 a4 47.
bxa4 Bxa4 48. Ng5 h6 49. Nh3 Ne5 50. Be2 Bd7 51. Nf4 Nc4+ 52. Kc3 Bxf4 53. gxf4
Ke6 54. Bg7 h5 55. Kd4 Nd6 56. Kc5 Nf5 57. Be5 Bc6 58. Bd1 Ne3 59. Be2 Nc4 60.
Bc7 Ne3 61. Bd3 Nf5 62. Bd8 Kd7 63. Ba5 Ke6 64. Be1 Kd7 65. Bc2 Kc7 66. Ba5+
Kd7 67. Bc3 Kc7 68. Be5+ Kd7 69. a4 d4 70. a5 Bxf3 71. Bxd4 Bg2 72. Bf2 Kc7 73.
Bb3 Be4 74. Bd5 Bxd5 75. Kxd5 Kd7 76. Ke5 Ke7 77. Bc5+ Kf7 78. Bb4 Ng7 79. Kd6
Ne6 80. Bc3 Nxf4 81. Kc7 Nd5+ 82. Kxb7 Nxc3 83. Kc6 Na2 84. Kc5 1-0

[Event "BL 9192 Sindelfingen-HSK"]
[Site "?"]
[Date "1992.??.??"]
[Round "?.1"]
[White "Wahls, M."]
[Black "Rajkovic, D."]
[Result "1-0"]
[WhiteElo "2570"]
[BlackElo "2470"]
[PlyCount "27"]
[EventDate "1992.??.??"]

1. e4 c5 2. Nf3 Nc6 3. Bb5 e6 4. O-O Nge7 5. c3 a6 6. Ba4 d5 7. exd5 Qxd5 8. d4
b5 9. c4 Qd6 10. cxb5 Nxd4 11. bxa6+ Nec6 12. Bf4 Qd5 13. Nxd4 cxd4 14. Nc3 1-0

[Event "BL 9192 Sindelfingen-HSK"]
[Site "?"]
[Date "1992.??.??"]
[Round "?.3"]
[White "Mueller, Ka"]
[Black "Fahnenschmidt, G."]
[Result "1/2-1/2"]
[WhiteElo "2460"]
[BlackElo "2375"]
[PlyCount "58"]
[EventDate "1992.??.??"]

1. e4 c5 2. Nf3 e6 3. d4 cxd4 4. Nxd4 Nf6 5. Nc3 d6 6. g4 h6 7. g5 hxg5 8. Bxg5
a6 9. Qe2 Qc7 10. O-O-O Nc6 11. Nb3 Bd7 12. f4 O-O-O 13. h4 Be7 14. Bg2 Nh5 15.
Bxe7 Nxe7 16. Qd2 Bc6 17. Nd4 e5 18. Nxc6 Qxc6 19. Nd5 Nxd5 20. exd5 Qc5 21.
Rh3 Kb8 22. Rc3 Qd4 23. Qxd4 exd4 24. Rxd4 Rde8 25. Kd2 Nf6 26. Rh3 Re7 27. Bf3
g6 28. Rh1 Rhe8 29. Rd3 Ne4+ 1/2-1/2

[Event "BL 9192 Sindelfingen-HSK"]
[Site "?"]
[Date "1992.??.??"]
[Round "?.4"]
[White "Marinkovic, I."]
[Black "Maus, So"]
[Result "1-0"]
[WhiteElo "2485"]
[BlackElo "2385"]
[PlyCount "114"]
[EventDate "1992.??.??"]

1. e4 d5 2. exd5 Qxd5 3. Nc3 Qa5 4. Nf3 Nf6 5. d4 Bf5 6. Bd2 e6 7. Bc4 c6 8.
Nd5 Qd8 9. Nxf6+ gxf6 10. Bb3 Be7 11. Qe2 a5 12. a4 Bg4 13. Be3 Na6 14. h3 Bh5
15. g4 Bg6 16. Nh4 Be4 17. f3 Bg6 18. Ng2 Bd6 19. O-O-O Nb4 20. Bh6 Bf8 21.
Bxf8 Kxf8 22. Qe3 b5 23. h4 bxa4 24. Bxa4 h5 25. Nf4 Qd6 26. Rde1 Re8 27. Nxg6+
fxg6 28. g5 Nd5 29. Qd2 f5 30. Re5 Rh7 31. Rhe1 Rb7 32. Qxa5 Rb4 33. c3 Rbb8
34. Qc5 Qxc5 35. dxc5 Nf4 36. Rd1 Red8 37. Rxd8+ Rxd8 38. Kc2 Kf7 39. b4 Rc8
40. Re1 Ng2 41. Rh1 Ke7 42. c4 e5 43. Kc3 Ke6 44. Bb3 Kd7 45. Rh2 Nf4 46. Rd2+
Kc7 47. b5 e4 48. fxe4 fxe4 49. Rd6 Kb8 50. Rf6 Ng2 51. Rxg6 cxb5 52. c6 Nxh4
53. Re6 bxc4 54. Bxc4 Nf3 55. g6 h4 56. g7 e3 57. Rxe3 Ng5 1-0

[Event "BL 9192 Sindelfingen-HSK"]
[Site "?"]
[Date "1992.??.??"]
[Round "?.5"]
[White "Michaelsen, N."]
[Black "Kraut, R."]
[Result "1/2-1/2"]
[WhiteElo "2385"]
[BlackElo "2405"]
[PlyCount "46"]
[EventDate "1992.??.??"]

1. d4 d5 2. c4 dxc4 3. e4 Nc6 4. Be3 Nf6 5. Nc3 e5 6. d5 Ne7 7. Bxc4 Ng6 8. Qb3
Bd6 9. Bb5+ Nd7 10. Nf3 O-O 11. Bxd7 Qxd7 12. O-O f5 13. exf5 Qxf5 14. Nd2 Nh4
15. Nce4 Qg6 16. Ng3 Nf5 17. Nc4 Nxg3 18. hxg3 b6 19. Rac1 Bb7 20. Rfd1 Rf7 21.
a4 Qe4 22. Nxd6 cxd6 23. Qc4 Qxc4 1/2-1/2

[Event "BL 9192 Sindelfingen-HSK"]
[Site "?"]
[Date "1992.??.??"]
[Round "?.7"]
[White "Reefschlaeger, H."]
[Black "Franke, H."]
[Result "1-0"]
[WhiteElo "2400"]
[BlackElo "2380"]
[PlyCount "55"]
[EventDate "1992.??.??"]

1. e4 c6 2. Nc3 d5 3. f4 dxe4 4. Nxe4 Nf6 5. Nf2 c5 6. Nf3 e6 7. b3 Be7 8. Bb2
O-O 9. g3 b6 10. Bg2 Bb7 11. O-O Nc6 12. Qe2 Qc7 13. Rae1 Rad8 14. f5 Bc8 15.
fxe6 Bxe6 16. Ng5 Bd5 17. Bxf6 gxf6 18. Bxd5 Rxd5 19. Ne6 Qc8 20. Nxf8 Kxf8 21.
Qe4 Rh5 22. Nd3 Kg8 23. Nf4 Re5 24. Qg2 Nd4 25. c3 Ne6 26. Qh3 Qc7 27. Nxe6
fxe6 28. Qg4+ 1-0

[Event "BL 9192 Sindelfingen-HSK"]
[Site "?"]
[Date "1992.??.??"]
[Round "?.8"]
[White "Werner, Marc"]
[Black "Heinemann, T."]
[Result "1/2-1/2"]
[WhiteElo "2335"]
[BlackElo "2395"]
[PlyCount "148"]
[EventDate "1992.??.??"]

1. e4 c5 2. Nf3 d6 3. d4 cxd4 4. Nxd4 Nf6 5. Nc3 a6 6. Be3 e5 7. Nb3 Be6 8. f4
exf4 9. Bxf4 Be7 10. Qd2 Nc6 11. O-O-O Ne5 12. Nd4 Qd7 13. h3 O-O 14. g4 g6 15.
Qf2 Qc7 16. Kb1 Rac8 17. g5 Nh5 18. Bc1 Qb6 19. Nd5 Bxd5 20. exd5 f6 21. gxf6
Bxf6 22. Qe1 Nc4 23. b3 Rfe8 24. Ne6 Bc3 25. Qh4 Bf6 26. Qe1 Bc3 27. Qh4 Bf6
28. Qe4 Qb4 29. Bxc4 Qc3 30. Rd4 Ng3 31. Qg4 Nxh1 32. Bb2 Qg3 33. Qe2 Nf2 34.
a4 Nxh3 35. Rg4 Qf2 36. Bxf6 Qxf6 37. Qh2 h5 38. Rg3 Nf4 39. Rf3 g5 40. Qg1 Kh8
41. Qb6 Rb8 42. Qxd6 b5 43. Bd3 Ra8 44. a5 Re7 45. Ka2 h4 46. Qc6 Rae8 47. Nxf4
Qxc6 48. dxc6 gxf4 49. Rxf4 Rc8 50. Rxh4+ Kg7 51. Rh7+ Kf6 52. Rh6+ Ke5 53. Ka3
Rec7 54. Rh5+ Kd4 55. Bf5 Rf8 56. Bd7 Rf2 57. c4 bxc4 58. Rh4+ Kd5 59. Rxc4 Rf1
60. Kb4 Ra1 61. Bg4 Rf1 62. Bd7 Rf6 63. Rh4 Rcxc6 64. Bxc6+ Kxc6 65. Rh7 Rf4+
66. Ka3 Kb5 67. Rh5+ Kc6 68. b4 Rf3+ 69. Kb2 Kb7 70. Rh6 Rg3 71. Rb6+ Ka7 72.
Kc2 Rh3 73. Rd6 Kb7 74. Rd7+ Kb8 1/2-1/2

[Event "BL 9192 FTG Frankfurt-Hannover"]
[Site "?"]
[Date "1992.??.??"]
[Round "?.2"]
[White "Tischbierek, R."]
[Black "Dankert, P."]
[Result "1-0"]
[WhiteElo "2485"]
[BlackElo "2265"]
[PlyCount "85"]
[EventDate "1992.??.??"]

1. e4 Nf6 2. e5 Nd5 3. d4 d6 4. Nf3 Bg4 5. Be2 e6 6. O-O Be7 7. c4 Nb6 8. Nc3
O-O 9. Be3 d5 10. c5 Nc8 11. h3 Bxf3 12. Bxf3 Nc6 13. b4 a6 14. Qd2 f6 15. exf6
Bxf6 16. Bg4 Qd7 17. Ne2 N8e7 18. a4 Nf5 19. b5 Nce7 20. Qd3 g6 21. Bf4 h5 22.
Bxf5 Nxf5 23. g4 hxg4 24. hxg4 Ne7 25. f3 axb5 26. axb5 Rxa1 27. Rxa1 Bg7 28.
Kg2 c6 29. bxc6 bxc6 30. Bd6 g5 31. Rh1 Kf7 32. Rh5 Bf6 33. Rh7+ Ke8 34. Ng3
Qb7 35. Qc2 Rf7 36. Rh1 Kd7 37. Rb1 Qa7 38. Qb2 Kd8 39. Ra1 Qd7 40. Qb6+ Ke8
41. Ra7 Qc8 42. Rb7 Qd8 43. Rb8 1-0

[Event "BL 9192 FTG Frankfurt-Hannover"]
[Site "?"]
[Date "1992.??.??"]
[Round "?.5"]
[White "Behrens, H."]
[Black "Kohlweyer, B."]
[Result "0-1"]
[WhiteElo "2305"]
[BlackElo "2405"]
[PlyCount "100"]
[EventDate "1992.??.??"]

1. d4 Nf6 2. Nf3 e6 3. Bg5 h6 4. Bxf6 Qxf6 5. e4 d6 6. Nc3 a6 7. a4 Nd7 8. Qd2
g6 9. Be2 Bg7 10. O-O O-O 11. Rfe1 b6 12. Bf1 Qe7 13. a5 b5 14. d5 Bb7 15. Na2
Bxb2 16. Rab1 Bg7 17. c4 c6 18. dxc6 Bxc6 19. Nb4 Bb7 20. cxb5 axb5 21. Bxb5
Nc5 22. Bc6 Rfc8 23. Bxb7 Nxb7 24. a6 Nc5 25. h3 Nxa6 26. Nxa6 Rxa6 27. Rec1
Rac6 28. Rxc6 Rxc6 29. Qb4 Bf8 30. Nd4 Ra6 31. Qb5 Qa7 32. Nc6 Qa8 33. Nb8 Ra1
34. Nd7 Rxb1+ 35. Qxb1 Bg7 36. Qb8+ Qxb8 37. Nxb8 Bd4 38. Kf1 Kg7 39. Ke2 f5
40. f3 Kf6 41. Kd3 Ba7 42. Nc6 Bb6 43. f4 g5 44. e5+ dxe5 45. fxe5+ Kg6 46. g4
h5 47. Ne7+ Kf7 48. Nc6 fxg4 49. hxg4 hxg4 50. Ke4 Kg6 0-1

[Event "BL 9192 FTG Frankfurt-Hannover"]
[Site "?"]
[Date "1992.??.??"]
[Round "?.7"]
[White "Oppitz, P."]
[Black "Degenhardt, H."]
[Result "1-0"]
[WhiteElo "2240"]
[BlackElo "2305"]
[PlyCount "99"]
[EventDate "1992.??.??"]

1. e4 c5 2. Nf3 d6 3. d4 cxd4 4. Nxd4 Nf6 5. Nc3 a6 6. Be3 e5 7. Nb3 Be6 8. Qd2
Be7 9. f3 O-O 10. O-O-O Qc7 11. g4 Rc8 12. Kb1 d5 13. exd5 Nxd5 14. Nxd5 Bxd5
15. Be2 Be6 16. Bd3 a5 17. Qf2 Nd7 18. a4 b6 19. h4 Rab8 20. h5 Nc5 21. Nxc5
bxc5 22. Bb5 c4 23. c3 Rd8 24. Qe2 Rd5 25. Kc1 Qb7 26. Rxd5 Bxd5 27. Rf1 h6 28.
Rf2 Rc8 29. Qd1 Rf8 30. Qe2 Qc7 31. Qd1 Bc5 32. Qe2 Qb6 33. Bxc5 Qxc5 34. Rg2
Bc6 35. Bxc6 Qxc6 36. Qd1 Re8 37. Rd2 Qf6 38. Rd6 Qg5+ 39. Qd2 Qe7 40. Qd5 Rb8
41. Rd7 Qg5+ 42. Kb1 Qf4 43. Ka2 e4 44. fxe4 Qxg4 45. Rxf7 Kh8 46. Qf5 Qd1 47.
Rf8+ Rxf8 48. Qxf8+ Kh7 49. Qf5+ Kh8 50. Qc8+ 1-0

[Event "BL 9192 Erfurt-München 36"]
[Site "?"]
[Date "1992.??.??"]
[Round "?.1"]
[White "Smejkal, J."]
[Black "Casper, T."]
[Result "1-0"]
[WhiteElo "2535"]
[BlackElo "2430"]
[PlyCount "51"]
[EventDate "1992.??.??"]

1. Nf3 Nf6 2. c4 d6 3. d4 Nbd7 4. Nc3 e5 5. e4 g6 6. g3 Bg7 7. Bg2 O-O 8. O-O
c6 9. h3 a6 10. Re1 Re8 11. Be3 b5 12. c5 b4 13. Na4 Nxe4 14. cxd6 Nxd6 15.
Nxe5 Nxe5 16. dxe5 Rxe5 17. Bb6 Qd7 18. Rxe5 Bxe5 19. Bc5 Nb7 20. Bxb4 Rb8 21.
Qe2 Bf6 22. Rd1 Qe6 23. Qf3 Kg7 24. b3 a5 25. Bd2 Bd8 26. Bh6+ 1-0

[Event "BL 9192 Erfurt-München 36"]
[Site "?"]
[Date "1992.??.??"]
[Round "?.2"]
[White "Paehtz, T."]
[Black "Stohl, I."]
[Result "1/2-1/2"]
[WhiteElo "2495"]
[BlackElo "2560"]
[PlyCount "83"]
[EventDate "1992.??.??"]

1. d4 Nf6 2. c4 g6 3. Nf3 Bg7 4. g3 d5 5. Bg2 dxc4 6. Na3 Nc6 7. Nxc4 Be6 8. b3
a5 9. Bb2 Bd5 10. Rc1 O-O 11. O-O a4 12. bxa4 Ra6 13. a3 Qa8 14. a5 Rd8 15. e3
Ne8 16. Ncd2 Rxa5 17. Qc2 Be6 18. Rfd1 Na7 19. Nb3 Bxb3 20. Qxb3 c6 21. Bc3 Ra6
22. a4 Nc8 23. a5 Ncd6 24. Bf1 Ra7 25. Ne5 Nc7 26. Bb4 e6 27. Ra1 Na6 28. Bc3
Nc7 29. Bb4 Na6 30. Be1 c5 31. Bc3 Ne4 32. Bb2 cxd4 33. Bxd4 Nac5 34. Qb5 Rd5
35. Qb6 Rd6 36. Qb4 Rd5 37. f4 Qd8 38. Ra2 Bf8 39. Qb2 Rxa5 40. Rxa5 Qxa5 41.
Nc4 Qd8 42. Ra1 1/2-1/2

[Event "BL 9192 Erfurt-München 36"]
[Site "?"]
[Date "1992.??.??"]
[Round "?.4"]
[White "Voekler, B."]
[Black "Enders, P."]
[Result "1-0"]
[WhiteElo "2340"]
[BlackElo "2475"]
[PlyCount "86"]
[EventDate "1992.??.??"]

1. e4 c5 2. Nf3 d6 3. d4 cxd4 4. Nxd4 Nf6 5. Nc3 e6 6. Bc4 a6 7. O-O b5 8. Bb3
Be7 9. f4 Nbd7 10. Be3 Bb7 11. Bxe6 fxe6 12. Nxe6 Qc8 13. Nxg7+ Kf7 14. Nf5 Bf8
15. Nxd6+ Bxd6 16. Qxd6 Nxe4 17. Nxe4 Bxe4 18. Rad1 Rd8 19. c3 Nf6 20. Qxd8
Qxd8 21. Rxd8 Rxd8 22. Bd4 Rg8 23. g3 Bc6 24. Bxf6 Kxf6 25. Rd1 Ke6 26. Kf2 Bd5
27. Ke3 Kd6 28. a4 Re8+ 29. Kf2 Kc5 30. axb5 axb5 31. Rd2 Re4 32. Rc2 h5 33.
Rd2 Be6 34. Kg2 Bf5 35. b3 Re3 36. c4 Be4+ 37. Kh3 b4 38. Kh4 Rxb3 39. Kxh5 Rd3
40. Rf2 b3 41. Kg5 Rf3 42. Rb2 Kxc4 43. g4 Kc3 1-0

[Event "BL 9192 Erfurt-München 36"]
[Site "?"]
[Date "1992.??.??"]
[Round "?.5"]
[White "Bastian, H."]
[Black "Schwarz, M."]
[Result "0-1"]
[WhiteElo "2330"]
[BlackElo "2380"]
[PlyCount "72"]
[EventDate "1992.??.??"]

1. e4 c6 2. d4 d5 3. exd5 cxd5 4. Bd3 g6 5. c3 Bg7 6. Bf4 Nh6 7. Nd2 Nc6 8. h4
Bf5 9. Be2 f6 10. Nf1 e5 11. dxe5 fxe5 12. Bg5 Qd7 13. Ne3 Be6 14. Nh3 Nf5 15.
Nxf5 Bxf5 16. Qb3 h6 17. Be3 O-O-O 18. Rd1 d4 19. cxd4 exd4 20. Kf1 Qe7 21. Bf4
g5 22. Bh2 Rhe8 23. Qf3 Qe6 24. Qh5 d3 25. Bf3 Nd4 26. Bg3 d2 27. Kg1 Nxf3+ 28.
Qxf3 Bg4 29. Qa3 Bxd1 30. Kh2 Be2 31. Qc5+ Qc6 32. Qxa7 Be5 33. Bxe5 Rxe5 34.
Qa8+ Kc7 35. Qa3 Qd6 36. Qg3 d1=Q 0-1

[Event "BL 9192 Erfurt-München 36"]
[Site "?"]
[Date "1992.??.??"]
[Round "?.7"]
[White "Roese, O."]
[Black "Brueggemann, Joa"]
[Result "0-1"]
[WhiteElo "2375"]
[BlackElo "2305"]
[PlyCount "50"]
[EventDate "1992.??.??"]

1. e4 c5 2. Nf3 d6 3. d4 cxd4 4. Nxd4 Nf6 5. Nc3 a6 6. Bc4 e6 7. Bb3 Nbd7 8.
O-O Nc5 9. f3 Be7 10. Qe1 O-O 11. Qg3 Re8 12. Kh1 Qc7 13. Bh6 Bf8 14. Bg5 Be7
15. Rad1 b5 16. Nde2 b4 17. Na4 Nxb3 18. cxb3 Bd7 19. Nf4 Qa5 20. Bxf6 Bxf6 21.
Rd2 Bxa4 22. bxa4 b3 23. Rd3 bxa2 24. Ra3 Be5 25. Rd1 Qb6 0-1

[Event "BL 9192 Bamberg-Bayern"]
[Site "?"]
[Date "1992.??.??"]
[Round "?.2"]
[White "Pfleger, He"]
[Black "Ribli, Z."]
[Result "1/2-1/2"]
[WhiteElo "2495"]
[BlackElo "2595"]
[PlyCount "89"]
[EventDate "1992.??.??"]

1. Nf3 g6 2. d4 Bg7 3. e4 c5 4. c3 cxd4 5. cxd4 d5 6. exd5 Nf6 7. Nc3 Nxd5 8.
Bc4 Nxc3 9. bxc3 Qc7 10. Qb3 O-O 11. O-O Nc6 12. Be2 Be6 13. Qa3 h6 14. Be3
Rfd8 15. Qc1 Kh7 16. Bf4 Qa5 17. Qe3 Rd7 18. Rfd1 Rad8 19. Rd2 Bd5 20. Rad1 e6
21. h4 Bxf3 22. Bxf3 Ne7 23. h5 g5 24. Bg3 Kg8 25. Be4 Nd5 26. Bxd5 Qxd5 27. f3
Rc8 28. Be5 f6 29. Bg3 Rc6 30. Be1 f5 31. Qd3 Rdc7 32. Rb2 b6 33. Re2 Rc4 34.
Qb1 b5 35. Rb2 a6 36. Kh1 Ra4 37. Re2 Kf7 38. Rd3 Rac4 39. Rd1 R7c6 40. Rb2 Rd6
41. Re2 Qc6 42. Bg3 Rd7 43. Rde1 Re7 44. Be5 Bf8 45. Re3 1/2-1/2

[Event "BL 9192 Bamberg-Bayern"]
[Site "?"]
[Date "1992.??.??"]
[Round "?.4"]
[White "Goetz, R."]
[Black "Hertneck, G."]
[Result "0-1"]
[WhiteElo "2355"]
[BlackElo "2530"]
[PlyCount "100"]
[EventDate "1992.??.??"]

1. d4 Nf6 2. Nf3 c5 3. d5 b5 4. Bg5 Bb7 5. Bxf6 exf6 6. e4 c4 7. a4 a6 8. Be2
Bc5 9. O-O O-O 10. axb5 axb5 11. Rxa8 Bxa8 12. b3 cxb3 13. Bxb5 bxc2 14. Qxc2
d6 15. Qa4 Bb7 16. Nbd2 f5 17. Bc4 Nd7 18. exf5 Nf6 19. Qb3 Qa8 20. Rb1 Bc8 21.
Qd3 Ng4 22. Ne4 Bxf5 23. Nf6+ gxf6 24. Qxf5 Qc8 25. Bd3 Qxf5 26. Bxf5 Nxf2 27.
Kf1 h5 28. Nd2 Re8 29. Re1 Re5 30. Rxe5 fxe5 31. Ne4 Nd1 32. Ke2 Ne3 33. Nxd6
Nxd5 34. Ne4 Bg1 35. h3 Kg7 36. Kf3 Ne7 37. Bd7 f5 38. Ng3 e4+ 39. Ke2 Kg6 40.
Be8+ Kg5 41. Nxh5 f4 42. Ng7 Kf6 43. Nh5+ Ke5 44. Ng7 Bd4 45. Bb5 Nd5 46. Ba6
Kf6 47. Nh5+ Kg5 48. g4 f3+ 49. Ke1 Kh4 50. Bb7 e3 0-1

[Event "BL 9192 Bamberg-Bayern"]
[Site "?"]
[Date "1992.??.??"]
[Round "?.5"]
[White "Boensch, U."]
[Black "Stickler, A."]
[Result "1-0"]
[WhiteElo "2500"]
[BlackElo "2255"]
[PlyCount "79"]
[EventDate "1992.??.??"]

1. d4 Nf6 2. c4 e6 3. Nf3 Bb4+ 4. Bd2 Qe7 5. g3 Nc6 6. Bg2 Bxd2+ 7. Nbxd2 d6 8.
O-O a5 9. e4 e5 10. d5 Nb8 11. Nh4 O-O 12. Qc2 Na6 13. a3 g6 14. Rab1 c6 15.
dxc6 bxc6 16. Rfd1 Bg4 17. Re1 Rfb8 18. h3 Be6 19. Nhf3 Nd7 20. b3 Ra7 21. Qc3
Nac5 22. b4 Na4 23. Qc2 axb4 24. axb4 c5 25. b5 Nab6 26. Ra1 Rba8 27. Rxa7 Rxa7
28. Bf1 f5 29. exf5 gxf5 30. Nh4 Qf7 31. Ndf3 Qf6 32. Rd1 e4 33. Ne1 Bf7 34.
Qd2 Nxc4 35. Qf4 Nde5 36. Nxf5 Ng6 37. Nh6+ Kg7 38. Qxf6+ Kxf6 39. Nxf7 Nb2 40.
Rb1 1-0

[Event "BL 9192 Bamberg-Bayern"]
[Site "?"]
[Date "1992.??.??"]
[Round "?.7"]
[White "Bischoff, K."]
[Black "Loew, G."]
[Result "1-0"]
[WhiteElo "2495"]
[BlackElo "2285"]
[PlyCount "71"]
[EventDate "1992.??.??"]

1. d4 Nf6 2. c4 e6 3. Nc3 Bb4 4. e3 c5 5. Bd3 Nc6 6. Nge2 d5 7. cxd5 exd5 8. a3
cxd4 9. exd4 Be7 10. f3 O-O 11. O-O Be6 12. Kh1 Qd7 13. Bb1 Rac8 14. b4 Ne8 15.
Qd3 g6 16. Bh6 Ng7 17. Ba2 Rfd8 18. g4 Ne8 19. Rad1 Bf6 20. Be3 Ne7 21. Nf4 Bg7
22. Rfe1 b6 23. Bc1 Qc6 24. Bd2 a5 25. b5 Qd6 26. Nce2 Nc7 27. a4 Kh8 28. Bc1
Qd7 29. Ba3 Ne8 30. Nxe6 fxe6 31. Nf4 Nc7 32. Qe2 Ng8 33. Nd3 Re8 34. Ne5 Bxe5
35. Qxe5+ Qg7 36. Bd6 1-0

[Event "BL 9192 München 36-Bamberg"]
[Site "?"]
[Date "1992.??.??"]
[Round "?.1"]
[White "Pfleger, He"]
[Black "Smejkal, J."]
[Result "1/2-1/2"]
[WhiteElo "2495"]
[BlackElo "2535"]
[PlyCount "28"]
[EventDate "1992.??.??"]

1. Nf3 Nf6 2. g3 g6 3. Bg2 Bg7 4. O-O c5 5. c3 d5 6. d4 cxd4 7. cxd4 O-O 8. Nc3
Ne4 9. Ne5 Nxc3 10. bxc3 Nc6 11. Nxc6 bxc6 12. Qa4 Qb6 13. Ba3 Qa6 14. Qxa6
Bxa6 1/2-1/2

[Event "BL 9192 München 36-Bamberg"]
[Site "?"]
[Date "1992.??.??"]
[Round "?.2"]
[White "Stohl, I."]
[Black "Bezold, M."]
[Result "1-0"]
[WhiteElo "2560"]
[BlackElo "2345"]
[PlyCount "107"]
[EventDate "1992.??.??"]

1. d4 Nf6 2. Nf3 c5 3. d5 d6 4. Nc3 e5 5. e4 Be7 6. Bb5+ Nbd7 7. a4 a6 8. Bd3
b6 9. Nd2 Nf8 10. Nc4 Ng6 11. g3 Bh3 12. Ne3 h5 13. Qe2 Qc8 14. Nf5 Kf8 15. f3
Ne8 16. Nd1 Bf6 17. c4 Ne7 18. Nxe7 Kxe7 19. a5 bxa5 20. Rxa5 Kf8 21. Bd2 g6
22. Bc2 Kg7 23. Ra3 Nc7 24. Nf2 Bd7 25. Nd3 Ra7 26. Bc3 h4 27. g4 h3 28. O-O
Na8 29. Kh1 Nb6 30. b3 Bg5 31. Rg1 f6 32. Raa1 Be8 33. Raf1 Bf7 34. f4 exf4 35.
Nxf4 Nd7 36. Rg3 Ne5 37. Nxh3 Bh4 38. Rg2 Re7 39. Ng1 Bg5 40. Nf3 Nxf3 41. Qxf3
Re5 42. Bxe5 dxe5 43. Qc3 Be8 44. b4 Bf4 45. bxc5 Qxc5 46. Rxf4 exf4 47. g5 f3
48. gxf6+ Kg8 49. Qxf3 Qxc4 50. e5 Rh3 51. Qe4 Qf1+ 52. Rg1 Qf2 53. Rxg6+ Kh8
54. Rg2 1-0

[Event "BL 9192 München 36-Bamberg"]
[Site "?"]
[Date "1992.??.??"]
[Round "?.3"]
[White "Goetz, R."]
[Black "Gruenberg, HU."]
[Result "1/2-1/2"]
[WhiteElo "2355"]
[BlackElo "2510"]
[PlyCount "89"]
[EventDate "1992.??.??"]

1. e4 c5 2. Nf3 d6 3. d4 cxd4 4. Nxd4 Nf6 5. Nc3 a6 6. Be2 e6 7. O-O Be7 8. f4
O-O 9. Be3 Nc6 10. Kh1 Bd7 11. Qe1 b5 12. a3 Nxd4 13. Bxd4 Bc6 14. Bd3 Qb8 15.
e5 dxe5 16. Bxe5 Qb7 17. Qg3 g6 18. Rae1 Rad8 19. Re2 Nd7 20. Ne4 Nxe5 21. fxe5
Bxe4 22. Rxe4 Qc7 23. Qe3 Rd7 24. Qh6 Rd5 25. Re3 Bd8 26. Rfe1 f5 27. exf6 Bxf6
28. Qh3 Bxb2 29. Qxe6+ Qf7 30. Qxf7+ Rxf7 31. Re6 Bc3 32. Rb1 Rf6 33. Rxf6 Bxf6
34. a4 Rc5 35. axb5 axb5 36. g3 Kg7 37. Kg2 h5 38. Rxb5 Rxb5 39. Bxb5 h4 40. g4
g5 41. c4 Be5 42. h3 Kf6 43. Kf3 Ke7 44. Ke4 Bf4 45. Kd5 1/2-1/2

[Event "BL 9192 München 36-Bamberg"]
[Site "?"]
[Date "1992.??.??"]
[Round "?.4"]
[White "Enders, P."]
[Black "Stickler, A."]
[Result "1-0"]
[WhiteElo "2475"]
[BlackElo "2255"]
[PlyCount "59"]
[EventDate "1992.??.??"]

1. e4 Nf6 2. e5 Nd5 3. d4 d6 4. Nf3 g6 5. Bc4 Nb6 6. Bb3 Bg7 7. Qe2 Nc6 8. Nc3
O-O 9. h3 d5 10. Bf4 h6 11. Qe3 Kh7 12. O-O Be6 13. Rad1 Qd7 14. Rfe1 Rae8 15.
Na4 Nxa4 16. Bxa4 a6 17. c3 b5 18. Bc2 Nd8 19. g4 Qc8 20. Nh4 Rg8 21. Kh2 Ref8
22. Rg1 c5 23. dxc5 Nc6 24. Rge1 b4 25. Qd3 Bh8 26. Nf5 Bxf5 27. gxf5 bxc3 28.
bxc3 e6 29. f6 Qc7 30. Qg3 1-0

[Event "BL 9192 München 36-Bamberg"]
[Site "?"]
[Date "1992.??.??"]
[Round "?.5"]
[White "Niedermaier, H."]
[Black "Bastian, H."]
[Result "1/2-1/2"]
[WhiteElo "2315"]
[BlackElo "2330"]
[PlyCount "29"]
[EventDate "1992.??.??"]

1. e4 c5 2. Nf3 Nf6 3. Nc3 Nc6 4. d4 d5 5. exd5 Nxd5 6. Nxd5 Qxd5 7. Be3 cxd4
8. Nxd4 a6 9. Be2 e5 10. Nxc6 Qxc6 11. O-O Be7 12. Qd3 Be6 13. Bf3 Qc7 14. Bd5
Bxd5 15. Qxd5 1/2-1/2